2023 FIBA Basektball World Cup Teams - Statistics

General Stats
  • This quiz has been taken 166 times
  • The average score is 24 of 32
Answer Stats
Hint Answer % Correct
Group H Canada
98%
Group C United States
98%
Group H France
95%
Group E Germany
93%
Group A Italy
92%
Group G Spain
92%
Group E Australia
91%
Group E Japan
91%
Group G Brazil
90%
Group B Serbia
90%
Group B China
88%
Group C Greece
88%
Group D Mexico
85%
Group D Lithuania
83%
Group F Slovenia
83%
Group A Philippines
82%
Group C New Zealand
80%
Group H Latvia
79%
Group A Dominican Republic
75%
Group E Finland
74%
Group A Angola
71%
Group D Egypt
68%
Group G Iran
68%
Group B Puerto Rico
66%
Group B South Sudan
66%
Group D Montenegro
62%
Group F Venezuela
62%
Group C Jordan
52%
Group H Lebanon
51%
Group F Georgia
50%
Group G Ivory Coast
44%
Group F Cape Verde
42%
No matching quizzes found
Score Distribution
Percent of People with Each Score
Percentile by Number Answered
Your Score History
You have not taken this quiz